Diseño humano por conductas : un nuevo modelo pedagógico /
| Autor principal: | |
|---|---|
| Formato: | Libro |
| Lenguaje: | español |
| Publicado: |
Alajuela, Costa Rica :
Cinemática Pedagógica,
2000
|
| Materias: |
MARC
| LEADER | 00000nam a2200000Ia 4500 | ||
|---|---|---|---|
| 008 | 180926b2000 cr ||||| |||| 00| 0 spa d | ||
| 999 | |c 2547 |d 2547 | ||
| 090 | |a DOC # 45 | ||
| 100 | |a Gómez León, Gerardo |9 4348 | ||
| 245 | 1 | 0 | |a Diseño humano por conductas : un nuevo modelo pedagógico / |c Gerardo Gómez León |
| 260 | |a Alajuela, Costa Rica : |b Cinemática Pedagógica, |c 2000 | ||
| 300 | |a 8 páginas | ||
| 500 | |a Viene dentro de una carpeta | ||
| 650 | 1 | 4 | |a COMPORTAMIENTO |9 298 |
| 650 | 1 | 4 | |a MODELOS |9 676 |
| 942 | |i 001607 |h DOC # 45 |2 z |c 05 | ||
